00553nam a2200133Ia 4500008004100000100001800041245013400059260003900193300001200232650001500244856006800259999001900327952007300346160712s9999 xx 000 0 und d aKim, Jaewook. cJaewook KimaBehavior of Retail Gasoline Prices in the Philippines to Changes in Crude Oil Prices: Is it Symmetric or Asymmetric? c2012bPhilippine Management Review avol. 19 xMANAGEMENT uhttp://journals.upd.edu.ph/index.php/pmr/issue/view/306/showToc c297443d297443 001040aCLbCLd2016-07-12l0r2016-07-12 00:00:00w2016-07-12yFEJ